<?xml version="1.0" encoding="UTF-8"?>
<record
    xmlns:xsi="http://www.w3.org/2001/XMLSchema-instance"
    xsi:schemaLocation="http://www.loc.gov/MARC21/slim http://www.loc.gov/standards/marcxml/schema/MARC21slim.xsd"
    xmlns="http://www.loc.gov/MARC21/slim">

  <leader>00407nam a22001217a 4500</leader>
  <controlfield tag="003">SGT</controlfield>
  <datafield tag="082" ind1=" " ind2=" ">
    <subfield code="a">301.2</subfield>
    <subfield code="b">G99K</subfield>
  </datafield>
  <datafield tag="100" ind1=" " ind2=" ">
    <subfield code="a"> &#x916;&#x93E;&#x901;, &#x92E;&#x941;&#x907;&#x928;&#x941;&#x926;&#x94D;&#x926;&#x940;&#x928; &#x939;&#x938;&#x928;</subfield>
  </datafield>
  <datafield tag="245" ind1=" " ind2=" ">
    <subfield code="a">&#x917;&#x93C;&#x926;&#x930; 1857: &#x906;&#x901;&#x916;&#x94B;&#x902; &#x926;&#x947;&#x916;&#x93E; &#x935;&#x93F;&#x935;&#x930;&#x923; </subfield>
  </datafield>
  <datafield tag="260" ind1=" " ind2=" ">
    <subfield code="b">&#x939;&#x93F;&#x902;&#x926;&#x940; &#x92E;&#x93E;&#x927;&#x94D;&#x92F;&#x92E; &#x915;&#x93E;&#x930;&#x94D;&#x92F;&#x93E;&#x928;&#x94D;&#x935;&#x92F; &#x928;&#x93F;&#x926;&#x947;&#x936;&#x93E;&#x932;&#x92F; </subfield>
    <subfield code="c">1999</subfield>
  </datafield>
  <datafield tag="300" ind1=" " ind2=" ">
    <subfield code="a">150</subfield>
  </datafield>
  <datafield tag="942" ind1=" " ind2=" ">
    <subfield code="2">ddc</subfield>
    <subfield code="c">BK</subfield>
  </datafield>
  <datafield tag="952" ind1=" " ind2=" ">
    <subfield code="0">0</subfield>
    <subfield code="1">0</subfield>
    <subfield code="2">ddc</subfield>
    <subfield code="4">0</subfield>
    <subfield code="7">1</subfield>
    <subfield code="a">CL</subfield>
    <subfield code="b">CL</subfield>
    <subfield code="c">REF</subfield>
    <subfield code="d">2025-01-29</subfield>
    <subfield code="g">60.00</subfield>
    <subfield code="i">SGTU</subfield>
    <subfield code="l">0</subfield>
    <subfield code="o">301.2 G99K</subfield>
    <subfield code="p">CH2092</subfield>
    <subfield code="r">2025-01-29 00:00:00</subfield>
    <subfield code="w">2025-01-29</subfield>
    <subfield code="y">BK</subfield>
  </datafield>
  <datafield tag="999" ind1=" " ind2=" ">
    <subfield code="c">29511</subfield>
    <subfield code="d">29511</subfield>
  </datafield>
</record>
